| 000 | 00730cam a2200217 a 4500 | ||
|---|---|---|---|
| 005 | 20180803164851.0 | ||
| 008 | 021203s1996 us r 00010 spa d | ||
| 020 | _a1884122175 | ||
| 040 |
_ala _cla _dCO-BoIAVH |
||
| 041 | 0 | _aspa | |
| 044 | _ack | ||
| 082 | 0 | 4 |
_a333.72 _bF67e |
| 110 | 2 | _aFondo para el Medio Ambiente Mundial | |
| 245 | 1 | 0 |
_aEstrategia operacional del Fondo para el Medio Ambiente Mundial / _cFondo para el Medio Ambiente Mundial. |
| 260 |
_aWashington (EE.UU.) : _bGlobal Environment Facility, _c1996. |
||
| 300 |
_aviii, 85 páginas ; _c27 x 21 cm. |
||
| 650 | 2 | 6 | _aPolítica ambiental |
| 650 | 2 | 6 | _aProtección ambiental |
| 650 | 2 | 6 | _aGestión ambiental |
| 942 |
_2ddc _cLIBRO |
||
| 999 |
_c1030 _d1030 |
||